|
|
|
|
| LEADER |
00000nam0a2200000 4500 |
| 001 |
113580 |
| 005 |
20231031121859.0 |
| 035 |
|
|
|a (RuTPU)RU\TPU\book\122841
|
| 035 |
|
|
|a RU\TPU\book\122840
|
| 090 |
|
|
|a 113580
|
| 100 |
|
|
|a 20070412d1988 k y0rusy50 ca
|
| 101 |
0 |
|
|a rus
|
| 102 |
|
|
|a RU
|
| 105 |
|
|
|a a b 000zy
|
| 200 |
1 |
|
|a Стандартные кожухотрубчатые аппараты общего назначения
|e каталог
|f Центральный институт научно-технической информации и технико-экономических исследований по химическому и нефтяному машиностроению (ЦИНТИХИМНЕФТЕМАШ); сост. В. В. Пугач, Г. А. Дубинина, Н. И. Сметанкина, М. Н. Вергасова
|
| 205 |
|
|
|a 4-е изд., испр. и доп.
|
| 210 |
|
|
|a Москва
|c ЦИНТИХИМНЕФТЕМАШ
|d 1988
|
| 215 |
|
|
|a 40 с.
|c ил.
|
| 610 |
1 |
|
|a каталоги
|
| 610 |
1 |
|
|a теплообменные аппараты
|
| 610 |
1 |
|
|a холодильники
|
| 610 |
1 |
|
|a конденсаторы
|
| 610 |
1 |
|
|a конденсаторы
|
| 610 |
1 |
|
|a испарители
|
| 610 |
1 |
|
|a теплообменники
|
| 675 |
|
|
|a 66.045(085)
|v 3
|
| 702 |
|
1 |
|a Пугач
|b В. В.
|4 220
|
| 702 |
|
1 |
|a Дубинина
|b Г. А.
|4 220
|
| 702 |
|
1 |
|a Сметанкина
|b Н. И.
|4 220
|
| 702 |
|
1 |
|a Вергасова
|b М. Н.
|4 220
|
| 712 |
0 |
2 |
|a Центральный институт научно-технической информации и технико-экономических исследований по химическому и нефтяному машиностроению (ЦИНТИХИМНЕФТЕМАШ)
|2 stltpush
|3 (RuTPU)RU\TPU\col\10810
|
| 801 |
|
1 |
|a RU
|b 63413507
|c 20070412
|g PSBO
|
| 801 |
|
2 |
|a RU
|b 63413507
|c 20070412
|g PSBO
|
| 942 |
|
|
|c BK
|